La gioia del sesso : guida avanzata all'educazione sessuale /
I tiakina i:
| Ētahi atu kaituhi: | , , |
|---|---|
| Hōputu: | Pukapuka |
| Reo: | Itāriana |
| I whakaputaina: |
Milano :
Bompiani,
c1975
|
| Ngā marau: | |
| Ngā Tūtohu: |
Kāore He Tūtohu, Me noho koe te mea tuatahi ki te tūtohu i tēnei pūkete!
|
MARC
| LEADER | 00000nam a22000007i 4500 | ||
|---|---|---|---|
| 001 | IT\ICCU\SBL\0583056 | ||
| 003 | ItRI | ||
| 005 | 20260115232231.0 | ||
| 008 | 910930s1975 it |||||| ||||| |||||c | ||
| 015 | |2 IT |a 775470 | ||
| 040 | |b ita |c importazione bologna sebina | ||
| 041 | 7 | |a ita |2 ISO-639-2 | |
| 082 | |a 301.41 |9 SESSO |2 18 | ||
| 130 | 4 | |a The joy of sex . |3 IT\ICCU\SBL\0583057 | |
| 245 | 0 | 3 | |a La gioia del sesso : |b guida avanzata all'educazione sessuale / |c a cura di Alex Comfort ; illustrazioni di Charles Raymond e Christopher Foss. |
| 260 | |a Milano : |b Bompiani, |c c1975 | ||
| 300 | |a 263 p. : |b ill., tav. ; |c 26 cm. | ||
| 650 | 7 | |a Sesso | |
| 650 | 7 | |a Erotismo | |
| 700 | 1 | |a Caramella, Marisa |0 IT\ICCU\CFIV\020970 | |
| 700 | 1 | |a Comfort, Alex |0 IT\ICCU\CFIV\028548 | |
| 700 | 1 | |a Amante, Marco |0 IT\ICCU\CFIV\035538 | |
| 790 | 1 | |a Caramella, Maria Luisa |3 IT\ICCU\SBNV\002572 |z Caramella, Marisa | |
| 942 | |2 ddc |c BK |n 0 | ||
| 952 | |0 0 |1 0 |4 0 |6 DOC_613_960000000000000_COM |7 0 |9 22525 |a BO |b BO |d 2026-01-15 |i 11640 |l 0 |o DOC 613.96 COM |p BO11640 |r 2026-01-15 23:22:31 |w 2026-01-15 |x [Sebina 7] [1 v.] |y BK |z 1 v. | ||
| 999 | |c 19233 |d 19233 | ||